Dimensiones ideológicas del cambio familiar en Montevideo /
Este trabajo analiza la relación entre "nuevos" comportamientos familiares y las concepciones ideológicas de las mujeres. Tomando una encuesta realizada en Montevideo y su Area Metropolitana. El autor construye tres factores de dimensiones ideológicas subyacentes en las encuestas: uno de i...
Uloženo v:
| Hlavní autor: | |
|---|---|
| Médium: | Text |
| Témata: | |
| Tagy: |
Přidat tag
Žádné tagy, Buďte první, kdo vytvoří štítek k tomuto záznamu!
|
MARC
| LEADER | 00000 a a2200000 04500 | ||
|---|---|---|---|
| 001 | 11614 | ||
| 003 | |||
| 040 | |||
| 100 | |a Peri, Andrés | ||
| 245 | |a Dimensiones ideológicas del cambio familiar en Montevideo / |c Andrés Peri | ||
| 500 | |a Una versión de este artículo fue publicada en el libro Nuevas formas de familia, publicado por UDELAR-UNICEF, 2003 | ||
| 520 | |a Este trabajo analiza la relación entre "nuevos" comportamientos familiares y las concepciones ideológicas de las mujeres. Tomando una encuesta realizada en Montevideo y su Area Metropolitana. El autor construye tres factores de dimensiones ideológicas subyacentes en las encuestas: uno de igualdad de género, otro de conservadurismo y, por último, un factor de institucionalismo | ||
| 650 | |a FAMILIA | ||
| 650 | |a CAMBIO SOCIAL | ||
| 650 | |a MUJERES | ||
| 650 | |a SISTEMAS DE VALORES | ||
| 773 | |g volumen 10, número 40; páginas 147-168 | ||
| 999 | |c 30507 |d 30507 | ||
